[Ekonomičeskije ryčagi povyšenija effektivnosti proizvodstva]

Recenzia na monografiu, ktorá rieši problematiku vzájomného pôsobenia VTR a hospodárskeho mechanizmu ako jedného z hlavných zdrojov zvýšenia efektívnosti socialistickej výroby.

Guardado en:
Detalles Bibliográficos
Autor principal: Šinková, Magda, 1955-
Formato: Capítulo de libro
Lenguaje:eslovaco
Materias:
Etiquetas: Agregar Etiqueta
Sin Etiquetas, Sea el primero en etiquetar este registro!

MARC

LEADER 00000naa a2200000 4500
001 0123960
005 20230116100435.8
041 0 |a slo 
044 |a SK 
245 1 0 |a [Ekonomičeskije ryčagi povyšenija effektivnosti proizvodstva]  |c Magda Šinková 
520 |a Recenzia na monografiu, ktorá rieši problematiku vzájomného pôsobenia VTR a hospodárskeho mechanizmu ako jedného z hlavných zdrojov zvýšenia efektívnosti socialistickej výroby. 
610 2 0 |a mechanizmus hospodársky 
610 2 0 |a politika hospodárska 
610 2 0 |a efektívnosť ekonomická 
610 2 0 |a recenzie 
100 1 |a Šinková, Magda, 1955-